000
00437nam a2200133Ia 4500
008
100328s9999 xx 000 0 und d
082
_b
35693
100
_a
बनहट्टी राजेंद्र
245
_a
मरणानंतरचे मरण
260
_b
विश्वमोहिनी
630
_a
मरणानंतरचे मरण
730
_a
मरणानंतरचे मरण
942
_c
BOOK
999
_c
525542
_d
525539